| 000 | 00567nam a2200217Ia 4500 | ||
|---|---|---|---|
| 999 |
_c6231 _d6231 |
||
| 003 | 0100 | ||
| 008 | 130227s9999 xx 000 0 und d | ||
| 040 | _cARRUPELIB | ||
| 050 | _aDT515.45.T58T683 | ||
| 100 |
_aTorkula, Alfred Akawe _932430 |
||
| 245 | 4 | _aThe concept, practice and colonial influence on kinship system among the Tiv people of Central Nigeria | |
| 260 |
_bMidland Press _aJos _c2004 |
||
| 300 | _a122p. | ||
| 300 | _b 23 cm | ||
| 650 |
_aTiv (African people) _xKinship _932431 |
||
| 650 |
_aTiv (African people) _xSocial life and customs _932432 |
||
| 942 |
_2lcc _cMONOGRAPH |
||